Marcatori dei Paesi Bassi ai Mondiali - Sudafrica 2010 - Statistics

Statistiche generali
  • Questo quiz è stato fatto 5 volte
  • Il punteggio medio è 9 su 11
Statistiche sulle risposte
Partita Minuto Marcatore % Corretto
Camerun - Paesi Bassi 1-2 36' Robin van Persie
100%
Paesi Bassi - Giappone 1-0 53' Wesley Sneijder
100%
Paesi Bassi - Slovacchia 2-1 84' Wesley Sneijder
100%
Paesi Bassi - Brasile 2-1 53' Wesley Sneijder
100%
Paesi Bassi - Brasile 2-1 68' Wesley Sneijder
100%
Uruguay - Paesi Bassi 2-3 70' Wesley Sneijder
100%
Paesi Bassi - Slovacchia 2-1 18' Arjen Robben
80%
Uruguay - Paesi Bassi 2-3 73' Arjen Robben
80%
Paesi Bassi - Danimarca 2-0 85' Dirk Kuijt
40%
Uruguay - Paesi Bassi 2-3 18' Giovanni van Bronckhorst
40%
Camerun - Paesi Bassi 1-2 84' Klaas-Jan Huntelaar
40%
Nessun quiz corrispondente trovato
Distribuzione punteggi
Percentuale di utenti per punteggio
Percentile per numero di risposta
I tuoi punteggi nel tempo
Non hai fatto questo quiz